000 00676nam a22001937a 4500
005 20170330111954.0
010 _aENG-117641
020 _c450.00
_a9789381345030
035 _aEN-101173
037 _bDBAD/PUB
082 _a791.436522
245 _aVoices of the talking stars :
_cedited by Madhuja Mukherjee
_bwomen of Indian cinema and beyond /
260 _aNew Delhi
_bSAGE Publications
_c2017
270 _aB1/1-1, Mohan Cooperative Industrial Area, Mathura Road,
_bNew Delhi
_e110044
300 _axv,194p.:
_c22cm(pbk)
_bill
500 _aIncludes bibliographical references
700 _aMukherjee,Madhuja
942 _2ddc
_cEN
_mMUK
_h791.436522
999 _c138555
_d138555